000 00639nam a2200229Ia 4500
003 OSt
005 20220918202518.0
006 a|||||r|||| 00| 0
007 ta
008 220917b |||||||| |||| 00| 0 eng d
024 _a101,811
037 _cTextual
040 _aARTS
_cARTS
_beng
041 _2eng
_aeng
082 _aV216:71(Q4).D, F7
100 _aSubramanian K S
_933850
245 0 _aBuddhist remains in South India and early history 225 A D 610 A D
260 _aDelhi
_bCosmo Pub
_c1927
650 _aHISTORY
942 _hV216:71(Q4).D, F7
_cTEXL
_2CC
999 _c225271
_d225271